00710nam a2200217 a 450000100100000000500170001000800410002704000250006808200250009310000360011824500350015425000110018926000460020030000170024665000270026365000400029091000070033004900090033795201290034699900170047500001858620200929165828.0100116s1963 ag 000 p spa d aDO-SdBNPbspacBNPHU aCh861.4bN454c, 19631 aNeruda, Pablo,d1904-19739916410aCanto general /cPablo Neruda. a2a ed. aBuenos Aires, Argentina :bLosada,c1963. av. ;c18 cm. 4aPoesía chilena99166 4aLiteratura chilenaySIGLO XX914677 aWM aBNGR 001054708MOaGRbGRcHDd2010-05-11iLF1l0oCh861.4 N454c, 1963p18586-10r2020-06-25w2020-06-25y4ZPréstamo en sala c18106d18106